The singing of the New World : indigenous voice in the era of European contact

Αποθηκεύτηκε σε:
Λεπτομέρειες βιβλιογραφικής εγγραφής
Κύριος συγγραφέας: Tomlinson, Gary
Μορφή: Βιβλίο
Γλώσσα:English
Δημοσίευση: Cambridge, UK ; New York : Cambridge University Press, 2007
Σειρά:New perspectives in music history and criticism
Θέματα:
Ετικέτες: Προσθήκη ετικέτας
Δεν υπάρχουν, Καταχωρήστε ετικέτα πρώτοι!

MARC

LEADER 00000nam a2200000 i 4500
001 1/52935
008 140807r20072007 eng d
020 |a 978-0-521-11017-4 
035 |l 10118590 
040 |a GR-MY-UA  |b gre  |e aacr 
041 0 |a eng 
082 0 |a 782  |2 (23) 
100 1 |a Tomlinson, Gary. 
245 1 4 |a The singing of the New World :  |b indigenous voice in the era of European contact /  |c Gary Tomlinson 
260 |a Cambridge, UK ; New York :   |b Cambridge University Press,   |c 2007 
300 |a ix, 220 σ.;  |c 24 εκ. 
490 1 |a New perspectives in music history and criticism 
504 |a Περιλαμβάνει βιβλιογραφικές αναφορές (σ. 204-212) και ευρετήριο 
650 0 0 |a Singing  |z Latin America  |x History. 
650 0 0 |a Aztecs  |x Music. 
650 0 0 |a Incas  |x Music. 
650 0 0 |a Tupinamba Indians  |x Music. 
830 0 |a New perspectives in music history and criticism 
852 |a INST  |b LESVOS  |e 20140807  |h 782 TOM  |p 005100054390  |q 005100054390  |t BK  |y 0 
901 |a BIBL1-2014-2 
909 |a Λ  |b 189908 
922 |a 1ΕΛΗ  |b 201406  |c ΤΚΑΙ  |d ΔΙΑΔΡΟΜΕΣ 
970 |a ΤΖΑΦΕΡΗ  |b ΕΥΑΓΓΕΛΙΑ  |z 2014/08/07